| 000 | 00000nam##2200000za#4500 |
| 001 | 9.605140 |
| 003 | CaOODSP |
| 005 | 20210624211950 |
| 007 | cr ||||||||||| |
| 008 | 150406|2008||||xxc|||||o f|0| 0 fre|d |
| 040 | |aCaOODSP|bfre |
| 043 | |an-cn--- |
| 086 | 1 |aTU3-5/08-38F-PDF |
| 110 | 2 |aBureau de la sécurité des transports du Canada. |
| 245 | 10|aPerte de maîtrise et collision avec le relief du MDHI 369D C-GNMG exploité par Sahtu Helicopters au lac Doctor (Territoires du Nord-Ouest), le 24 mai 2008 |h[ressource électronique] |
| 260 | |aGatineau - Québec : |bBureau de la sécurité des transports du Canada |c[2008]. |
| 300 | |a6p.|bill. en couleur |
| 490 | 1 |aRapport d'enquête aéronautique |vA08W0096 |
| 590 | |a13-02-Supp|b2013-01-11 |
| 775 | 08|tLoss of control and collision with terrain - Sahtu Helicopters MDHI 369D C-GNMG Doctor Lake, Northwest Territories, 24 May 2008 |w(CaOODSP)9.575646 |
| 830 | #0|aRapport d'enquête aéronautique ;|vA08W0096|w(CaOODSP)9.501229 |
| 856 | 40|ahttp://publications.gc.ca|qPDF|s162 Ko|uhttps://publications.gc.ca/collections/collection_2012/bst-tsb/TU3-5-08-38-fra.pdf|yA08W0096 |